00293pab a2200121 454500008004000000100001700040245004600057260000900103300000900112362001100121650002400132773001500156180718b82-3 xxu||||| |||| 00| 0 eng d aKlauss, Rudi aManagerial work and executive development c82-3 a53-7 aWinter aExecutives - U.S.A. aBureaucrat